00549cam a22002051a 4500001001300000003000400013005001700017008004100034010001700075035002000092040002200112042001200134050001700146100003200163245003000195250001400225260005000239300001900289650003500308sa 68012916 DLC20260227112616.0841025m19661967ii 000 0 beno  asa 68012916  a(OCoLC)21692474 aDLCcCUdWaUdDLC apremarc00aPK1687b.B271 aBandyopadhyaya, Haricharan.10aBaṅgiẏa śabdakosha. a[2nd ed.] aNiu Dillī :bSāhitā Akādemī,c1966- a2 v. ;c25 cm. 0aBengali languagexDictionaries